|
|
|
|
| LEADER |
00915nam a22003012a 4500 |
| 001 |
001847720 |
| 003 |
CZ BrMZK |
| 005 |
20230203100050.0 |
| 007 |
ta |
| 008 |
230203s1879 gw a er|||||||||||ger d |
| 040 |
|
|
|a ABA009
|b cze
|d BOA001
|e aacr2
|
| 072 |
|
7 |
|a 639.1
|x Myslivost
|2 Konspekt
|9 24
|
| 080 |
9 |
|
|a 639.1
|2 MRF
|
| 100 |
1 |
|
|a Bosch, E. van den
|4 aut
|
| 245 |
1 |
0 |
|a Fang des einheimischen Raubzeugs und Naturgeschichte des Haarraubwildes /
|c von E. Bosch
|
| 260 |
|
|
|a Berlin :
|b Wiegandt, Hempel und Parey,
|c 1879
|
| 300 |
|
|
|a x, 275 s. :
|b il.
|
| 546 |
|
|
|a Tištěno švabachem
|
| 650 |
0 |
7 |
|a šelmy
|2 czenas
|
| 650 |
0 |
7 |
|a predátoři
|2 czenas
|
| 650 |
0 |
7 |
|a lov
|2 czenas
|
| 650 |
0 |
7 |
|a pasti
|2 czenas
|
| 650 |
0 |
7 |
|a odchyt
|2 czenas
|
| 910 |
|
|
|a BOA001
|b 2-0230.754
|
| 990 |
|
|
|a BK
|
| 993 |
|
|
|a Y
|
| 991 |
|
|
|b 202302
|
| 996 |
6 |
|
|b 2618747948
|c 2-0230.754
|l MZK
|r Sklad / do 24 hodin
|n 0
|w 001914062
|u 000010
|a 1
|e BOA001
|j MZK50
|s P
|